| 000 | 01002nas a2200313 4500 | ||
|---|---|---|---|
| 001 | BR2011000393 | ||
| 003 | BR-BrBNA | ||
| 005 | 20231205114851.0 | ||
| 007 | ta | ||
| 008 | 230509b bl.|||p| |||| 00| 00por d | ||
| 040 |
_aBR-BrBNA _bpor _cBiblioteca Nacional de Agricultura |
||
| 041 | _a(Pt) | ||
| 072 | _aQ04 | ||
| 100 | 1 | _aMoreira, A.N. | |
| 100 | 1 | _aMoreira, A. da S. | |
| 100 | 1 | _aDia, P.S. | |
| 100 | 1 | _aVendruscolo, C.T. | |
| 100 | 1 | _aDel Pino, F.A.B. | |
| 245 | 1 | _aComportamento reológico e composição química do biopolímero da bactéria Beijerinckia sp. 7070 produzido por via enzimática | |
| 650 | _aBIOSSÍNTESE | ||
| 650 | _aENZIMA | ||
| 650 | _aCOMPOSIÇÃO QUÍMICA | ||
| 650 | _aPROPRIEDADE REOLÓGICA | ||
| 650 | _aCROMATOGRAFIA | ||
| 650 | _aPOLIMERIZAÇÃO | ||
| 773 | 0 |
_tBrazilian Journal of Food Technology (Brazil) _xISSN 1519-0900 _g(Apr-Jun 2005), v. 8(2) p. 135-142 _wBR2011000393 |
|
| 909 |
_a202311 _bLúcia _c55 _dLúcia Elande |
||
| 942 |
_2AGRIS _n0 _cANA |
||
| 999 |
_c210917 _d210917 |
||